Thermal physics (Record no. 5357)

MARC details
000 -LEADER
fixed length control field 00459nam a2200181Ia 4500
003 - CONTROL NUMBER IDENTIFIER
control field SGT
020 ## - INTERNATIONAL STANDARD BOOK NUMBER
International Standard Book Number 9780074601341
082 ## - DEWEY DECIMAL CLASSIFICATION NUMBER
Classification number 536
Item number GAR
100 ## - MAIN ENTRY--PERSONAL NAME
Personal name Garg,S.C
245 ## - TITLE STATEMENT
Title Thermal physics
260 ## - PUBLICATION, DISTRIBUTION, ETC. (IMPRINT)
Name of publisher, distributor, etc Tata McGraw Hill Education Private Limited
Place of publication, distribution, etc New Delhi
Year of Publication 1993
300 ## - PAGE DESCRIPTION
No. of Pages 396p.
650 ## - SUBJECT ADDED ENTRY--TOPICAL TERM
Topical term or geographic name as entry element PHYSICS
653 ## - KEYWORDS--INDEX TERM
Keyword term ELEMENTARY KINETIC THEORY OF GASES AND MAXWELLIAN DISTRIBUTION
700 ## - ADDED ENTRY--PERSONAL NAME
Personal name Bansal,R.M
700 ## - ADDED ENTRY--PERSONAL NAME
Personal name Ghosh,C.K
942 ## - ADDED ENTRY ELEMENTS (KOHA)
Source of classification or shelving scheme Dewey Decimal Classification
Koha item type Books
Holdings
Withdrawn status Lost status Source of classification or shelving scheme Damaged status Not for loan Home library Current library Date acquired SGTU Full call number Accession No. (Barcode) Date last seen Bill Date Koha item type
    Dewey Decimal Classification     SGT Engineering Library SGT Engineering Library 16/10/2011 SGTU 536 GAR FE4251 09/02/2015 09/02/2015 Gifted Books